10 things I can do to help my world / (Record no. 7647)

MARC details
000 -LEADER
fixed length control field 01188nam a22003017a 4500
001 - CONTROL NUMBER
control field 7647
003 - CONTROL NUMBER IDENTIFIER
control field FISKH
005 - DATE AND TIME OF LATEST TRANSACTION
control field 20250729143713.0
008 - FIXED-LENGTH DATA ELEMENTS--GENERAL INFORMATION
fixed length control field 250729b cb ||||| |||| 00| 0 eng d
020 ## - INTERNATIONAL STANDARD BOOK NUMBER
International Standard Book Number 9780763659196
040 ## - CATALOGING SOURCE
Original cataloging agency FISKH
Language of cataloging eng
Transcribing agency FISKH
Modifying agency FISKH
050 ## - LIBRARY OF CONGRESS CALL NUMBER
Classification number TD793 .W35
082 ## - DEWEY DECIMAL CLASSIFICATION NUMBER
Classification number 640
100 ## - MAIN ENTRY--PERSONAL NAME
Personal name Walsh, Melanie
245 ## - TITLE STATEMENT
Title 10 things I can do to help my world /
Statement of responsibility, etc. By Melanie Walsh
250 ## - EDITION STATEMENT
Edition statement First U.S. paperback edition 2012
260 ## - PUBLICATION, DISTRIBUTION, ETC.
Place of publication, distribution, etc. Massachusetts :
Name of publisher, distributor, etc. Candlewick Press ,
Date of publication, distribution, etc. 2008.
300 ## - PHYSICAL DESCRIPTION
Extent 40 unnumbered pages :
Other physical details color illustrations ;
Dimensions 27 cm .
505 ## - FORMATTED CONTENTS NOTE
Formatted contents note M <br/>
520 ## - SUMMARY, ETC.
Summary, etc. A beautifully simple book for small children where transforming pages reveal ten things that everyone can do to help conserve their world. Many of them, such as turning off the television, and turning off lights when leaving a room are about conserving energy. Others will encourage an understanding of nature and conservation.
521 8# - TARGET AUDIENCE NOTE
Target audience note 550 <br/>
Source Lexile AD <br/>
521 8# - TARGET AUDIENCE NOTE
Target audience note M <br/>
Source Raz-Plus <br/>
650 ## - SUBJECT ADDED ENTRY--TOPICAL TERM
Topical term or geographic name entry element Conservation
Form subdivision Non-fiction
650 ## - SUBJECT ADDED ENTRY--TOPICAL TERM
Topical term or geographic name entry element Green living
Form subdivision Non-fiction
650 ## - SUBJECT ADDED ENTRY--TOPICAL TERM
Topical term or geographic name entry element Recycling
Form subdivision Non-fiction
942 ## - ADDED ENTRY ELEMENTS (KOHA)
Source of classification or shelving scheme Dewey Decimal Classification
Koha item type Books
Suppress in OPAC No
Holdings
Withdrawn status Lost status Source of classification or shelving scheme Damaged status Not for loan Collection Home library Current library Shelving location Date acquired Total Checkouts Full call number Barcode Date last seen Price effective from Koha item type
    Dewey Decimal Classification     Non-Fiction Footprints International School Library Network Toul Tom Poung Campus Footprints International School Library Network Toul Tom Poung Campus TTP Primary Yellow Bookshelves 07/29/2025   WAL 640 TD793 .W35 FISTK02181 07/29/2025 07/29/2025 Books